LEADER 00438nab a2200145 i 4500 001 000000269938 003 CaOOAMICUS 005 20081111000000.0 008 081111n xx uu u0 0und r 013 $a16050 040 $aSeMil$bita 245 10$a[SENZA TITOLO]. 500 $aAoût 2008. 773 0 $t2008.$dLouvain-la-Neuve : Éd. de l'Institut Supérieur de Philosophie, 2008.$w()170094 996 $6245$a[SENZA TITOLO]$9(OLS)http://semarc/title/354609 LEADER 00596nam a2200169 i 4500 001 000000173069 003 CaOOAMICUS 005 20080704000000.0 008 080704n it u000 u ita u 013 $a150520 040 $aSeMil$bita 245 10$aVol. 2. 300 $a714 p. 773 0 $aChan, Ts'ao $tSogno della camera rossa.$dTorino : Unione Tipografico-Editrice Torinese, 1964.$kGrandi scrittori stranieri$w()19759 850 $aSeMil 852 $aSeMil$W1$xVenegono$y1$m1W III 105$j123920$B123920$CSeMilBibl$Z2$F135070 $81 996 $6245$aVol. 2$9(OLS)http://semarc/title/13458